| 000 | 00643nam a2200205 a 4500 | ||
|---|---|---|---|
| 001 | 3389 | ||
| 005 | 20140414132034.0 | ||
| 008 | 040603s19uu xx 00 eng d | ||
| 020 | _a0-06-443299-8 | ||
| 050 |
_aTR _bR35 1990 |
||
| 100 | _aSheppard, Jeff | ||
| 245 |
_aRight number of elephants (The) / _cstory by Jeff Sheppard ; pictures by Felicia Bond. |
||
| 260 |
_a[s.l.] : _bHarper Collins, _c1990. |
||
| 300 | _a1 v. (unp.) : ill. ; cm. | ||
| 500 | _aTr/Ps | ||
| 520 | _aA counting book in which a little girl relies on the help of some eager elephants. | ||
| 650 |
_aElephants _xFiction. |
||
| 650 | _aCounting. | ||
| 999 |
_c113686 _d113686 |
||